000 00729nam a22001937a 4500
999 _c188268
_d188268
005 20220513163013.0
010 _aUR-11562
020 _c300.00
_a978938724830
035 _aU-10117
037 _bDBAD/PUB
_a-
082 _a921.8
_2Ist
100 _aرضو ا نہ بيگم
245 _aفکر تو نسو ی کی تصا نيف -ا يک جا يز ہ
_cرضو ا نہ بيگم
_hا ر د و
246 _bFikr Tounsvi Ki Tasaaneef Ek Jayeza(Urdu)
_aby Rizwana Begum
260 _aHyderabad
_bTanveer Publishers
_c2021 ء
270 _aAsst. Professor wa Sadar Shoeba Urdu Govt. City College,
_bHyderabad
_e500023
_k8341654006
_l-
300 _a160 ص
_c22 Cm(Hb)
942 _2ddc
_cUR
_h921.8
_mر ض و